000 00527nam a2200229Ia 4500
003 0100
008 130303s9999 xx 000 0 und d
020 _a0415078725
040 _cARRUPELIB
050 _aHM15.S545
100 _aStacey, Margaret
245 4 _aThe sociology of health and healing
245 _ba textbook
260 _aLondon
260 _bUnwin Hyman
260 _C1988
300 _axvi
300 _b 298p. 24cm
650 _bApologetics
650 _cReligion and Science
942 _2lcc
_01
999 _c62850
_d62850